5x5 multiplication table - Statistics

General Stats
  • This quiz has been taken 234 times
  • The average score is 24 of 25
Answer Stats
Answer % Correct
1
99%
2
99%
2
99%
5
99%
5
99%
3
98%
3
98%
4
98%
4
98%
4
98%
6
97%
6
97%
10
96%
10
96%
15
96%
15
96%
20
96%
20
96%
25
96%
9
96%
12
94%
12
94%
8
94%
8
94%
16
93%
No matching quizzes found
Score Distribution
Percent of People with Each Score
Percentile by Number Answered
Your Score History
You have not taken this quiz